000 00830nam a2200229Ii 4500
003 JO-AjNU
008 230605s9999||||xx |||||||||||||| ||und||
017 _a2003/3/357
020 _a9957-11-340-2
040 _aJO-AjNU
_bara
_erda
_cJO-AjNU
041 _aara
050 1 4 _aHF 5625. H362 2006
100 3 _aحنان،رضوان حلوة,
_eauthor
_929562
245 0 0 _aالنموذج المحاسبي المعاصر من المبادىء الى المعايير: دراسة معمقة في نظرية المحاسبة
250 _aط2 مزيدة ومنقحة
264 3 1 _aعمان:دار وائل للنشر والتوزيع،2006
300 _a495ص
336 _atext
_btxt
_2rdacontent
337 _aunmediated
_bn
_2rdamedia
338 _avolume
_bnc
_2rdacarrier
650 4 _aالمحاسة المالية
_929563
999 _aA11612
_c15180
_d15180